000
00301nam a2200133Ia 4500
100
_a
Saurabh/Kumar
942
_c
BK
366
_f
20
245
_a
Cloud computing:Insights in to new era infrastructure
260
_b
Wiley India
_c
2011
300
_a
208
546
_a
ENGLISH
_c
Computers
999
_c
26834
_d
26834